000 01784cam a2200397 i 4500
999 _c200429780
_d47706
001 200429780
003 TR-AnTOB
005 20240830073705.0
007 ta
008 271117s2015 tu e b 000 0 tur d
020 _a9786051466729
035 _a(OCoLC)1014413195
040 _aSULEY
_btur
_erda
_cSULEY
_dTR-AnTOB
041 0 _atur
049 _aMAIN
050 0 0 _aKKX4610
090 _aKKX4610
_b.Ş243 2015
100 1 _aŞahin, İlyas
_eauthor
_9120207
245 1 0 _aTürk hukuku, AİHM kararları ve ABD ceza yargılaması hukukunda mahkeme kararları ışığında teknik araçlarla izleme =
_bTechnical surveillance Turkish law, ECHR and USA criminal procedure comparative analysis /
_cİlyas Şahin.
246 3 1 _aTechnical surveillance Turkish law, ECHR and USA criminal procedure comparative analysis
250 _aİkinci Baskı
_bTemmuz 2015
264 1 _aAnkara :
_bAdalet,
_c2015.
300 _axxix, 356 pages ;
_c24 cm.
336 _atext
_2rdacontent
_btxt
337 _aunmediated
_2rdamedia
_bn
338 _avolume
_2rdacarrier
_bnc
490 0 _aHukuk Yayınları Dizisi ;
_v1683
504 _aIncludes bibliographical references (pages 349-356) and index.
505 0 _aSinyal takip cihazları (beeper) -- GPS cihazları ve uydu takibi -- Uçak ve helikopterlerle havadan izleme -- Yüksek teknoloji fotoğraflama -- Isıya duyarlı izleme -- Termal tespit cihazları -- Yapay aydınlatma cihazları -- Görüntü yaklaştırıcılar (dürbün-teleskop) -- Video izleme.
650 0 _9120208
_aCommunication in law
650 7 _9120209
_aHukukta iletişim
_2etuturkob
650 0 _973125
_aCriminal procedure
_zTurkey
650 0 _aCeza yargılaması
_zTürkiye
_9115759
942 _2lcc
_cBK